| 000 | 00780cam a2200217 4500 | ||
|---|---|---|---|
| 001 | ABS62229 | ||
| 008 | 000000n2000 000 0 eng u | ||
| 035 | _a(Sirsi) u105497 | ||
| 100 | _aWood, T. | ||
| 245 | _aShopping for leisure | ||
| 260 | _c2000 | ||
| 490 |
_aLeisure Management _v20(4) April 2000, 38-40(3) |
||
| 520 | _aExamines how retail parks are adapting to include leisure facilities in the light of a report "Shopping meets leisure 2000" by TW Research Associates and Lunson Mitchenall. Includes a listing of the schemes over 45,000 sq ft. (Report available for loan from RICS Library) | ||
| 590 | _aABS | ||
| 650 | _aRETAIL PARKS | ||
| 650 | _aLEISURE | ||
| 650 | _aCINEMAS | ||
| 650 | _aBOWLING ALLEYS | ||
| 690 | _aLEISURE AND RECREATION | ||
| 942 | _n0 | ||
| 999 |
_c63209 _d63209 |
||